AIIMS PROTOCOL IN NEONATOLOGY (Record no. 19629)

MARC details
000 -LEADER
fixed length control field 00343nam a22001577a 4500
003 - CONTROL NUMBER IDENTIFIER
control field SGT
020 ## - INTERNATIONAL STANDARD BOOK NUMBER
International Standard Book Number 978-81-937640-2-2
082 ## - DEWEY DECIMAL CLASSIFICATION NUMBER
Classification number 618.92
Item number A19A
100 ## - MAIN ENTRY--PERSONAL NAME
Personal name AGARWAL, RAMESH
245 ## - TITLE STATEMENT
Title AIIMS PROTOCOL IN NEONATOLOGY
250 ## - EDITION STATEMENT
Edition statement 2ND
260 ## - PUBLICATION, DISTRIBUTION, ETC. (IMPRINT)
Place of publication, distribution, etc INDAI
Name of publisher, distributor, etc NOBLE PUB
Year of Publication 2019
300 ## - PAGE DESCRIPTION
No. of Pages 416
650 ## - SUBJECT ADDED ENTRY--TOPICAL TERM
Topical term or geographic name as entry element PEDIATRICS
942 ## - ADDED ENTRY ELEMENTS (KOHA)
Source of classification or shelving scheme Dewey Decimal Classification
Koha item type Books
Holdings
Withdrawn status Lost status Source of classification or shelving scheme Damaged status Not for loan Collection code Home library Current library Shelving location Date acquired Vendor Name Cost, normal purchase price Volume Information (Serial or Books or Non-Book Material) SGTU Bill Number Total Checkouts Full call number Accession No. (Barcode) Date last seen Bill Date Koha item type
    Dewey Decimal Classification   Not For Loan MEDICAL SGT Medical Library SGT Medical Library Reference Book 30/12/2019 ABC DELHI 1800.00 VOL-I SGTU 11576   618.92 A19A FM11877 30/12/2019 14/11/2019 Books
    Dewey Decimal Classification   Not For Loan MEDICAL SGT Medical Library SGT Medical Library Reference Book 30/12/2019 ABC DELHI 1800.00 VOL-I SGTU 11576   618.92 A19A FM11878 30/12/2019 14/11/2019 Books
    Dewey Decimal Classification   Not For Loan MEDICAL SGT Medical Library SGT Medical Library Reference Book 30/12/2019     VOL-II SGTU 11576   618.92 A19A FM11879 30/12/2019 14/11/201 Books
    Dewey Decimal Classification   Not For Loan MEDICAL SGT Medical Library SGT Medical Library Reference Book 30/12/2019     VOL-II SGTU 11576   618.92 A19A FM11880 30/12/2019 14/11/201 Books